000 00521nam a2200193 a 4500
001 12230
003 CO-ViMGA
008 141112s2004 ck r 000 u spa d
020 _a9580405166
040 _aCO-ViMGA
_bspa
_cCO-ViMGA
082 0 4 _aR574.03 S965d
100 1 _aStockely, Corinne
_917383
245 1 0 _aDiccionario de Biologia
260 _aBogotá,
_cEd. Norma,
_c1998
300 _a127 p. il.
590 _aFecha de adquisición : Ag. 23, 2000
650 1 4 _aBIOLOGIA - DICCIONARIOS
_917384
942 _2ddc
_cBK
999 _c23244
_d23244